INTRODUCTION TO PHILOSOPHY;CLASSICAL AND CONTEMPORARY READINGS (Record no. 63801)
[ view plain ]
| 000 -LEADER | |
|---|---|
| fixed length control field | 00270nam a2200097Ia 4500 |
| 050 ## - LIBRARY OF CONGRESS CALL NUMBER | |
| Classification number | BD 21.P65 2000 |
| 100 ## - MAIN ENTRY--PERSONAL NAME | |
| Personal name | POJMAN,LOUIS P. |
| 245 #0 - TITLE STATEMENT | |
| Title | INTRODUCTION TO PHILOSOPHY;CLASSICAL AND CONTEMPORARY READINGS |
| 942 ## - ADDED ENTRY ELEMENTS (KOHA) | |
| Koha item type | Long Loan Book |
| Withdrawn status | Lost status | Source of classification or shelving scheme | Damaged status | Not for loan | Collection | Home library | Current library | Date acquired | Inventory number | Total checkouts | Full call number | Barcode | Date last seen | Date last checked out | Copy number | Price effective from | Koha item type |
|---|---|---|---|---|---|---|---|---|---|---|---|---|---|---|---|---|---|
| Library of Congress Classification | Arts & Social Sciences | Kisii University Library | Kisii University Library | 09/15/2023 | 094127 | 4 | BD 21 .P65 2000 | 041373 | 12/03/2025 | 11/19/2025 | 1 | 09/15/2023 | Long Loan Book |